|
|
|
|
| LEADER |
00000nam a2200000Ii 4500 |
| 001 |
DIGOCEANO0019 |
| 003 |
NyNyDIG |
| 006 |
m o d |
| 007 |
cr ||||||||||| |
| 008 |
240404s2017 mx o 000 0cspa d |
| 035 |
|
|
|a (OCoLC)1430189161
|
| 040 |
|
|
|a DGITA
|b eng
|e rda
|e pn
|c DGITA
|
| 020 |
|
|
|a 9786075273785
|q eBook
|
| 020 |
|
|
|z 9786075273600
|
| 041 |
1 |
|
|a spa
|h eng
|
| 043 |
|
|
|a n-us---
|
| 050 |
1 |
4 |
|a E169.Z83 ebook
|
| 082 |
0 |
4 |
|a 917.304932
|2 23
|
| 100 |
1 |
|
|a Bauerschmidt, Tim,
|e author.
|
| 240 |
1 |
0 |
|a Driving Miss Norma.
|l Spanish
|s (Carril)
|
| 245 |
1 |
3 |
|a El viaje de Norma :
|b una familia le dice sí a la vida /
|c Tim Bauerschmidt, Ramie Liddle ; traducción de Pilar Carril.
|
| 250 |
|
|
|a Primera edición en libro electrónico.
|
| 264 |
|
1 |
|a Ciudad de México :
|b Océano,
|c [2017]
|
| 300 |
|
|
|a 1 online resource.
|
| 336 |
|
|
|a text
|b txt
|2 rdacontent
|
| 337 |
|
|
|a computer
|b c
|2 rdamedia
|
| 338 |
|
|
|a online resource
|b cr
|2 rdacarrier
|
| 347 |
|
|
|a text file
|2 rdaft
|
| 347 |
|
|
|b EPUB
|
| 588 |
0 |
|
|a Online resource; title from ePub title page (Digitalia, viewed April 4, 2024)
|
| 600 |
1 |
0 |
|a Bauerschmidt, Norma,
|d 1925-2016
|x Travel
|z United States.
|
| 600 |
1 |
0 |
|a Bauerschmidt, Tim
|x Travel
|z United States.
|
| 600 |
1 |
0 |
|a Liddle, Ramie
|x Travel
|z United States.
|
| 650 |
|
0 |
|a Families
|x Travel
|z United States.
|
| 651 |
|
0 |
|a United States
|x Description and travel.
|
| 650 |
|
0 |
|a Recreational vehicles
|z United States.
|
| 650 |
|
0 |
|a Older women
|z United States
|v Biography.
|
| 650 |
|
0 |
|a Cancer
|x Patients
|z United States
|v Biography.
|
| 650 |
|
0 |
|a Quality of life
|x Philosophy.
|
| 650 |
|
0 |
|a Travel
|x Psychological aspects.
|
| 700 |
1 |
|
|a Liddle, Ramie,
|e author.
|
| 700 |
1 |
|
|a Carril, Pilar,
|e translator.
|
| 700 |
1 |
|
|i Translation of:
|a Bauerschmidt, Tim.
|t Driving Miss Norma.
|
| 791 |
2 |
|
|a Digitalia (Firm),
|e distributor.
|
| 793 |
0 |
|
|g Digitalia eBook Collection:
|a Editorial Océano
|
| 776 |
0 |
8 |
|i Print version:
|a Bauerschmidt, Tim.
|s Driving Miss Norma. Spanish (Carril).
|t Viaje de Norma.
|d Ciudad de México : Océano, [2017]
|z 9786075273600
|
| 856 |
4 |
0 |
|3 Digitalia Hispánica
|u https://www.digitaliapublishing.com/a/85206/
|
| 910 |
|
|
|a Premium collection: 2024
|